Cien años en la vida del Círculo Mercantil y Agrícola de Huelva (Record no. 140245)
[ view plain ]
| 000 -LEADER | |
|---|---|
| campo de control de longitud fija | 00504nam a2200145 4500 |
| 001 - NÚMERO DE CONTROL | |
| campo de control | 140245 |
| 003 - IDENTIFICADOR DE NÚMERO DE CONTROL | |
| campo de control | ES-MaACL |
| 007 - CAMPO FIJO DE DESCRIPCIÓN FÍSICA--INFORMACIÓN GENERAL | |
| campo de control de longitud fija | t| |
| 008 - DATOS DE LONGITUD FIJA--INFORMACIÓN GENERAL | |
| campo de control de longitud fija | 070214q1964 sp r ||||1| spa d |
| 100 1# - ENTRADA PRINCIPAL--NOMBRE DE PERSONA | |
| Nombre de persona | Segovia Azcárate, José María. |
| 9 (RLIN) | 105154 |
| 245 10 - MENCIÓN DEL TÍTULO | |
| Título | Cien años en la vida del Círculo Mercantil y Agrícola de Huelva |
| Resto del título | : 1863-1963 / |
| Mención de responsabilidad, etc. | José María Segovia Azcárate. |
| 260 ## - PUBLICACIÓN, DISTRIBUCIÓN, ETC. | |
| Lugar de publicación, distribución, etc. | [S. l. : |
| Nombre del editor, distribuidor, etc. | s. n., |
| Fecha de publicación, distribución, etc. | 1964?] ( |
| Lugar de fabricación/manufactura | Huelva : |
| Fabricante | Girón) |
| 300 ## - DESCRIPCIÓN FÍSICA | |
| Extensión | 73 h. : |
| Otras características físicas | il. ; |
| Dimensiones | 22 cm. |
| 852 ## - LOCALIZACIÓN | |
| Ubicación | ES-MaACL |
| Número de control de estantería | E-4988 |
| Sublocalización o colección | R.88973 |
| Estatus retirado | Estado de pérdida | Estado de daño | No para préstamo | Biblioteca de origen | Biblioteca actual | Ubicación en estantería | Fecha de adquisición | Fuente de adquisición | Total de préstamos | Signatura topográfica completa | Código de barras | Visto por última vez | Precio de reemplazo | Tipo de ítem Koha |
|---|---|---|---|---|---|---|---|---|---|---|---|---|---|---|
| Biblioteca del Ateneo de Madrid | Biblioteca del Ateneo de Madrid | Depósito 2 | 17/01/2008 | E-4988 | 1145944 | 23/02/2023 | 23/02/2023 | Libro impreso |
